| 000 | 00999nam a22002897a 4500 | ||
|---|---|---|---|
| 001 | 7334 | ||
| 003 | FISKH | ||
| 005 | 20250709152410.0 | ||
| 008 | 250709b cb ||||| |||| 00| 0 eng d | ||
| 020 | _a9780747587477 | ||
| 040 |
_aFISKH _beng _cFISKH _dFISKH |
||
| 050 | _aPZ7.S8482 | ||
| 082 | _a823.8 | ||
| 100 |
_aStevenson, R.L. _d (1850–1894) |
||
| 245 |
_aTreasure island / _cRobert Louis Stevenson ; Why you should read this by Darren Shan ; Extra! Extra! by Caroline Plaisted |
||
| 250 | _aThis edition first published in 2006 | ||
| 260 |
_aLondon : _bBloomsbury, _c2006 |
||
| 300 |
_a206 pages : _c20 cm |
||
| 505 | _aR | ||
| 520 | _aWhile going through the possessions of a deceased guest who owed them money, the mistress of the inn and her son find a treasure map that leads them to a pirate's fortune. | ||
| 521 | 8 |
_a760
_bLexile |
|
| 521 | 8 |
_aR
_bRaz-Plus |
|
| 650 |
_2Literature _aClassic |
||
| 650 |
_2Pirates _aClassics |
||
| 942 |
_2ddc _cBK _n0 |
||
| 999 |
_c7334 _d7334 |
||